00199nam a2200085 a 4500008004100000050001600041100002100057245002600078350000900104120416s9999 xx |||||||||||||| || u aNK 9605 Ste aStewart, Richard10aModern design in wood a0.00